Kosovo-visa - Statistics

Yleistilastot
  • Tätä visaa on pelattu 361 kertaa
  • Keskiarvotulos 10 / 16
Vastaustilastot
Vihje Vastaus % Oikein
Naapurimaat Serbia
97%
Naapurimaat Albania
95%
Naapurimaat Montenegro
95%
Naapurimaat Pohjois-Makedonia
94%
Yleisin uskonto Islam
91%
Pääkaupunki Pristina
90%
Vuosi, jolloin Kosovo julistautui itsenäiseksi 2008
86%
Valtakunta, johon Kosovo kuului 1455–1912 Osmanien valtakunta
74%
Kosovon käyttämä valuutta Euro
73%
Kosovon osa, joka on silloin tällöin halunnut erota Kosovosta {Pohjois}-Kosovo
67%
Kosovo on yksi kolmesta JetPunkin tunnustamasta valtiosta, jotka eivät kuulu tähän Yhdistyneet kansakunnat
65%
Suurin etninen ryhmä Albaanit
60%
Kosovossa on tämän tyyppisen hiilen viidenneksi suurimmat varannot {Rusko}hiili
25%
Toiseksi suurin kaupunki Prizren
17%
Kuningaskunta, johon nykyinen Kosovon alue kuului ennen kuin Rooma valtasi sen 28 eaa. Dardania
8%
Suuri luostari, joka on Balkanin suurin keskiaikainen kirkkorakennus Dečanin luostari
5%
Ehtoja vastaavia visoja ei löytynyt
Tulosjakauma
Jokaisen tuloksen saaneiden osuus
Persentiili vastausten määrän mukaan
Tuloshistoriasi
Et ole pelannut tätä visaa